[Event "Davos op"]
[Site "Davos"]
[Date "2024.06.15"]
[Round "3"]
[White "Pogan, Nikolas"]
[Black "Hirzel, Martin"]
[Result "1/2-1/2"]
[WhiteElo "2243"]
[BlackElo "1936"]
[PlyCount "94"]
[EventDate "2024.06.14"]
[EventType "swiss"]
[EventRounds "5"]
[EventCountry "SUI"]
[SourceTitle "EXT 2025"]
[Source "ChessBase"]
[SourceDate "2024.10.14"]
[SourceVersion "1"]
[SourceVersionDate "2024.10.14"]
[SourceQuality "1"]

1. d4 Nf6 2. Nf3 d6 3. c4 g6 4. Nc3 Bg7 5. g3 Nbd7 6. Bg2 0-0 7. 0-0 e5 8. e4 h6 9. h3 Nh5 10. Be3 Kh7 11. Rc1 c6 12. d5 c5 13. Ne1 a6 14. Nd3 Qe7 15. Kh2 Rb8 16. a4 Qe8 17. Bf3 Nhf6 18. Rb1 Ng8 19. b4 b6 20. a5 f5 21. axb6 Rxb6 22. bxc5 Rxb1 23. Qxb1 dxc5 24. Bxc5 Nxc5 25. Nxc5 Nf6 26. Qb6 fxe4 27. Bxe4 Nd7 28. Nxd7 Bxd7 29. c5 Rf6 30. c6 Bc8 31. h4 h5 32. Qa7 Qf8 33. Qb6 Qa3 34. Nb1 Qa4 35. Bg2 Qc2 36. Kg1 Qd3 37. Qe3 Qxe3 38. fxe3 Rxf1+ 39. Bxf1 Bf8 40. Nc3 Kg7 41. Ne4 Kf7 42. d6 Ke8 43. d7+ Bxd7 44. cxd7+ Kxd7 45. Bxa6 Ke6 46. Kf2 Kf5 47. Bc8+ Kxe4 1/2-1/2

[Event "Davos Ski op"]
[Site "Davos"]
[Date "2023.12.16"]
[Round "2"]
[White "Neuberger, Guido"]
[Black "Hirzel, Martin"]
[Result "1-0"]
[WhiteElo "2172"]
[BlackElo "1903"]
[PlyCount "97"]
[EventDate "2023.12.15"]
[EventType "swiss"]
[EventRounds "5"]
[EventCountry "SUI"]
[SourceTitle "CBM 217 Extra"]
[Source "ChessBase"]
[SourceDate "2024.01.31"]
[SourceVersion "1"]
[SourceVersionDate "2024.01.31"]
[SourceQuality "1"]

1. e4 c5 2. Nf3 Nc6 3. d4 cxd4 4. c3 d5 5. exd5 Qxd5 6. cxd4 e6 7. Nc3 Bb4 8. Bd3 Nf6 9. 0-0 Qa5 10. Bd2 Qd8 11. a3 Be7 12. Bg5 0-0 13. Re1 h6 14. Bh4 a6 15. Rc1 Nh5 16. Re4 Nf6 17. Re2 Nh5 18. Bxe7 Nxe7 19. Bb1 b5 20. Qc2 g6 21. Qe4 Bd7 22. Ne5 Rc8 23. Qe3 Kg7 24. Ng4 Rh8 25. Rd1 Qc7 26. g3 Bc6 27. Ba2 Rcd8 28. Red2 Qb7 29. Qe5+ Kh7 30. d5 exd5 31. Ne4 Ng8 32. Bxd5 Bxd5 33. Rxd5 Rxd5 34. Rxd5 Qe7 35. Qd4 Qe6 36. h3 Qe7 37. Rd7 Qe6 38. Rd6 Qe7 39. Rxa6 g5 40. Ra7 Qe6 41. Rb7 Ne7 42. Nef6+ Nxf6 43. Nxf6+ Kg6 44. Rb6 Nc6 45. Qe4+ Qxe4 46. Nxe4 Rc8 47. Nd6 Rc7 48. Nxb5 Rc8 49. Nd4 1-0

[Event "Lenzerheide op 3rd"]
[Site "Lenzerheide"]
[Date "2022.10.16"]
[Round "4"]
[White "Hirzel, Martin"]
[Black "King, Alexander1"]
[Result "1-0"]
[WhiteElo "1918"]
[BlackElo "1762"]
[PlyCount "49"]
[EventDate "2022.10.14"]
[EventType "swiss"]
[EventRounds "5"]
[EventCountry "SUI"]
[SourceTitle "EXT 2024"]
[Source "ChessBase"]
[SourceDate "2023.10.10"]
[SourceVersion "1"]
[SourceVersionDate "2023.10.10"]
[SourceQuality "1"]

1. c4 Nf6 2. Nc3 g6 3. g3 Bg7 4. Bg2 c5 5. Nf3 d5 6. cxd5 Nxd5 7. 0-0 0-0 8. Qb3 Nb4 9. a3 Be6 10. Qd1 N4c6 11. d3 Nd4 12. Nxd4 cxd4 13. Ne4 Bd5 14. b4 Nc6 15. b5 Ne5 16. a4 f6 17. Ng5 Bxg2 18. Kxg2 Qd5+ 19. Nf3 Nxf3 20. exf3 Rac8 21. Ba3 Kf7 22. Rc1 Rc3 23. Bb4 Rb3 24. Rc5 Qe6 25. Re1 1-0

[Event "Davos Summer op 21st"]
[Site "Davos"]
[Date "2022.08.06"]
[Round "2"]
[White "Habibi, Ali"]
[Black "Hirzel, Martin"]
[Result "1-0"]
[WhiteElo "2188"]
[BlackElo "1918"]
[PlyCount "77"]
[EventDate "2022.08.05"]
[EventType "swiss"]
[EventRounds "5"]
[EventCountry "SUI"]
[SourceTitle "CBM 209 Extra"]
[Source "ChessBase"]
[SourceDate "2022.09.30"]
[SourceVersion "1"]
[SourceVersionDate "2022.09.30"]
[SourceQuality "1"]

1. Nf3 c5 2. g3 Nc6 3. Bg2 g6 4. 0-0 Bg7 5. c3 d5 6. d3 Nf6 7. Qa4 0-0 8. Qh4 e5 9. Bg5 Qd6 10. e4 dxe4 11. dxe4 Ne8 12. Na3 f6 13. Bh6 Be6 14. Rfd1 Qe7 15. Bxg7 Kxg7 16. g4 g5 17. Qg3 Rh8 18. h4 h6 19. h5 Nc7 20. Nd2 Rhd8 21. f3 b5 22. Bf1 a6 23. Qf2 Bf7 24. Nc2 Ne6 25. Ne3 Qc7 26. a4 Nf4 27. Nf5+ Kh7 28. Qxc5 bxa4 29. Nc4 Qa7 30. Qxa7 Nxa7 31. Nb6 Bb3 32. Rxd8 Rxd8 33. Nxa4 Rd2 34. Nc5 Bd1 35. Rxa6 Nc8 36. Rc6 Rxb2 37. Rc7+ Kh8 38. Rxc8+ Kh7 39. Nd7 1-0

[Event "Davos op 19th"]
[Site "Davos"]
[Date "2020.08.08"]
[Round "2"]
[White "Wuest, Andreas"]
[Black "Hirzel, Martin"]
[Result "0-1"]
[WhiteElo "1686"]
[BlackElo "1927"]
[PlyCount "36"]
[EventDate "2020.08.07"]
[EventType "swiss"]
[EventRounds "5"]
[EventCountry "SUI"]
[SourceTitle "CBM 197 Extra"]
[Source "ChessBase"]
[SourceDate "2020.09.30"]
[SourceVersion "1"]
[SourceVersionDate "2020.09.30"]
[SourceQuality "1"]

1. e4 c5 2. Nf3 Nc6 3. d4 cxd4 4. Nxd4 e6 5. Bc4 Qc7 6. Bb3 Nf6 7. f3 a6 8. Ne2 b5 9. Bf4 d6 10. 0-0 Be7 11. c4 bxc4 12. Bxc4 Qb6+ 13. Kh1 Qxb2 14. Bxd6 Qxa1 15. Qc2 Bxd6 16. Bxe6 Nb4 17. Qa4+ Nd7 18. Rd1 Qe5 0-1